Visualizzazione normale
Vista MARC
- Cherubini Bixio
di Personal Name
Records bibliografici associati: 1
001 - CONTROL NUMBER
- control field: 3196
003 - CONTROL NUMBER IDENTIFIER
- control field: IT-RoPau
005 - DATE AND TIME OF LATEST TRANSACTION
- control field: 20131123212327.0
008 - FIXED-LENGTH DATA ELEMENTS
- fixed length control field: 131123|| aca||aabn | a|a d
040 ## - CATALOGING SOURCE
- Original cataloging agency: IT-RoPau
- Transcribing agency: IT-RoPau
100 ## - HEADING--PERSONAL NAME
- Personal name: Cherubini Bixio
- Dates associated with a name: Codice autore musica SPICS: 13442
- Relator term: Autore musica SPICS: 13442
- Name of part/section of a work: Signora illusione - Il valzer dell'organino
670 ## - SOURCE DATA FOUND
- Source citation: Work cat.: (IT-RoPau)100046: AA.VV. 794, Non pensiamo alla guerra